Peking review = (رقم التسجيلة. 109713)

تفاصيل مارك
000 -LEADER
fixed length control field 01255cas a2200397 a 4500
003 - EG-GICUS
control field OSt
005 - DATE AND TIME OF LATEST TRANSACTION
control field 20241216131150.0
008 - FIXED-LENGTH DATA ELEMENTS--GENERAL INFORMATION
fixed length control field 090404d19581978cc wr p 0 a0eng
040 ## - CATALOGING SOURCE
Transcribing agency EG-GiCUS
043 ## - GEOGRAPHIC AREA CODE
Geographic area code a-cc---
082 ## - DEWEY DECIMAL CLASSIFICATION NUMBER
Classification number 951.05.
092 04 - LOCALLY ASSIGNED DEWEY CALL NUMBER (OCLC)
Classification number 951.05
Item number P379
Edition number 21
099 ## - LOCAL FREE-TEXT CALL NUMBER (OCLC)
Classification number 04
-- 951.05 P379
222 #0 - KEY TITLE
Key title Peking review =
Qualifying information Beijing zhou bao
245 00 - TITLE STATEMENT
Title Peking review =
Remainder of title Beijing zhou bao.
246 11 - VARYING FORM OF TITLE
Title proper/short title Beijing zhou bao
300 ## - PHYSICAL DESCRIPTION
Extent 21 v. :
Other physical details ill., maps ;
Dimensions 26-31 cm.
310 ## - CURRENT PUBLICATION FREQUENCY
Current publication frequency Weekly
336 ## - CONTENT TYPE
Content type term text
Source rda content
337 ## - MEDIA TYPE
Media type term Unmediated
Source rdamedia
338 ## - CARRIER TYPE
Carrier type term volume
Source rdacarrier
362 0# - DATES OF PUBLICATION AND/OR SEQUENTIAL DESIGNATION
Dates of publication and/or sequential designation [Vol. 1, no. 1] (Mar. 4, 1958)-[v. 21], no. 52 (Dec. 29, 1978).
500 ## - GENERAL NOTE
General note Last issue consulted.
500 ## - GENERAL NOTE
General note Title from cover.
541 ## - IMMEDIATE SOURCE OF ACQUISITION NOTE
Source of acquisition Gift
546 ## - LANGUAGE NOTE
Language note In English.
650 #0 - SUBJECT ADDED ENTRY--TOPICAL TERM
Topical term or geographic name entry element Communism
Geographic subdivision China
Form subdivision Periodicals.
651 #0 - SUBJECT ADDED ENTRY--GEOGRAPHIC NAME
Geographic name China
General subdivision Foreign relations
Form subdivision Periodicals.
651 #0 - SUBJECT ADDED ENTRY--GEOGRAPHIC NAME
Geographic name China
General subdivision History
Chronological subdivision 1949-
Form subdivision Periodicals.
651 #0 - SUBJECT ADDED ENTRY--GEOGRAPHIC NAME
Geographic name China
General subdivision Politics and government
Form subdivision Periodicals.
780 02 - PRECEDING ENTRY
Title People's China
International Standard Serial Number (NR) 0479-9992
Record control number (DLC) 52017258
-- (OCoLC)1762076
785 00 - SUCCEEDING ENTRY
Title Beijing review
International Standard Serial Number (NR 1000-9140
Record control number (R) (DLC) 79646655
-- (OCoLC)4550608
905 ## - LOCAL DATA ELEMENT E, LDE (RLIN)
Cataloger
Reviser
905 ## - LOCAL DATA ELEMENT E, LDE (RLIN)
Cataloger Hala
Reviser
942 ## - ADDED ENTRY ELEMENTS (KOHA)
Koha item type Continuing Resources
Suppress in OPAC No
999 ## -
-- 109713
-- 109713
المقتنيات
Full call number Home library Current library Source of classification or shelving scheme Koha item type Inventory number
951.05 P379. المكتبة المركزبة الجديدة - جامعة القاهرة قاعة الصحف والدوريات - الدور الثالث Dewey Decimal Classification Continuing Resources 13238413
Cairo University Libraries Portal Implemented & Customized by: Eng. M. Mohamady Contacts: new-lib@cl.cu.edu.eg | cnul@cl.cu.edu.eg
CUCL logo CNUL logo
© All rights reserved — Cairo University Libraries
CUCL logo
Implemented & Customized by: Eng. M. Mohamady Contact: new-lib@cl.cu.edu.eg © All rights reserved — New Central Library
CNUL logo
Implemented & Customized by: Eng. M. Mohamady Contact: cnul@cl.cu.edu.eg © All rights reserved — Cairo National University Library